000 00552nam a2200169 i 4500
001 80056
003 ES-MaACL
005 20230906174122.0
007 t|
008 041026s1947 sp ||||1| spa d
100 1 _aHinsie, Leland E.
_963782
245 1 3 _aEl hombre como persona
_b: introducción a la medicina psicosomática /
_cpor Leland E. Hinsie ; traducción de J. Guijosa Pernús.
260 _aMadrid :
_bEspasa-Calpe,
_c1947.
300 _a283 p. ;
_c21 cm.
700 1 _aGuijosa Pernús, Juan.
_960682
852 _aES-MaACL
_jF-5203
_bR.26728
999 _c80056
_d80056